01128nam a22003015i 4500999001700000003000900017005001700026008004100043020001800084040004300102082001700145100002800162245007700190264006100267264005200328300002300380336002600403337002800429338002700457504005100484650002400535650003500559653002700594655001700621700003300638942001200671952014300683 c27937d27908EG-ScBUE20191221151706.0191221s2018 ii f b 001 0 eng d a9788131102671 aEG-ScBUEbengerdacEG-ScBUEdEG-ScBUE04a410bJOH2221 aJohn, Patrick,eauthor.10aProblems in language and linguistics /cPatrick John, David Christopher. 1aDarya Ganj, New Delhi :bCommonwealth publishers,c2018. 2aDarya Ganj, New Delhi :bArjun Publishing Hpuse a278 pages ;c24 cm atextbtxt2rdacontent aunmediatedbn2rdamedia avolumebnc2rdacarrier aIncludes bibliographical references and index. 7aLinguistics.2BUEsh 7aLanguage and languages.2BUEsh bHHUUEENNcDecember2019 vReading book1 aChristopher, David,eauthor. 2ddccBB 00102ddc40708BaccahaMAINbMAINc2NDd2019-12-21ePurchaseg765.00l0o410 JOHp000048460r2025-07-15 00:00:00v956.25w2019-12-21yBB